• 首页
  • 本馆介绍
  • 公告通知
  • 最新文献
  • 馆藏检索
  • 电子资源
  • 读者导购
  • 参考咨询
  • 我的图书馆
  • 登录
  • 详细信息显示
  • 放入我的书架
  • 预约/预借图书
  • 作者相关作品
  • 分类相关作品
  • 丛书相关作品
  • 出版社相关作品

书目信息

  • 表格格式
  • 工作单格式
  • 卡片格式
题名:
微生物学实验教程
    
 
作者: 钱存柔 编著
分册:  
出版信息: 北京   北京大学出版社  1999
页数: 282页
开本: 26cm
丛书名:
单 册:
中图分类: Q93-33
科图分类: 58.6057
主题词: 微生物学--实验--高等学校--教材
电子资源:
ISBN: 7-301-04054-7
000 00650nam0 2200217 45
001 0193052126
005 20070702111427.57
010    @a7-301-04054-7@dCNY25.00
100    @a19931111d1999 em y0chiy0121 ea
101 0  @achi
102    @aCN@b110000
105    @ak z 000yy
200 10 @a微生物学实验教程@AWEI SHENG WU XUE SHI YAN JIAO CHENG@f钱存柔等编著@Fqian cun rou deng bian zhu
210    @a北京@c北京大学出版社@d1999@h2001
215    @a282页@d26cm
606    @a微生物学@x实验@x高等学校@x教材
690    @aQ93-33@v三版
692    @a58.6057
701  0 @a钱存柔@Aqian cun rou@4编著
801  0 @aCN@bTSSF@c20070702
905    @a10447@dQ93-33@e60
    
    微生物学实验教程/钱存柔等编著.-北京:北京大学出版社,1999(2001)
    282页;26cm
    
    
    ISBN 7-301-04054-7:CNY25.00
    
●
相关链接 在E读中查询图书 在五车中查询图书 在当当中查询图书 在豆瓣中查询图书


正题名:微生物学实验教程     索取号:Q93-33/60         预约/预借

序号 登录号 条形码 馆藏地/架位号 状态 备注
1 0658475   206584757   第二样本阅览室/ [索取号:Q93-33/60] 在馆    
2 0658476   206584766   密集书库/ [索取号:Q93-33/60] 在馆    
3 0658477   206584775   密集书库/ [索取号:Q93-33/60] 在馆    
4 0658478   206584784   密集书库/ [索取号:Q93-33/60] 在馆    
5 0658479   206584793   密集书库/ [索取号:Q93-33/60] 在馆    
6 0658480   206584800   库房3/ [索取号:Q93-33/60] 在馆    
7 0658481   206584819   库房3/ [索取号:Q93-33/60] 在馆    
8 0658482   206584828   库房3/ [索取号:Q93-33/60] 在馆    
9 0658483   206584837   库房3/ [索取号:Q93-33/60] 在馆    
10 0658484   206584846   库房3/ [索取号:Q93-33/60] 在馆    
11 0658485   206584855   库房3/ [索取号:Q93-33/60] 在馆    
12 0658486   206584864   库房3/ [索取号:Q93-33/60] 在馆    
13 0658487   206584873   库房3/ [索取号:Q93-33/60] 在馆    
14 0658488   206584882   库房3/ [索取号:Q93-33/60] 在馆    
15 0658489   206584891   库房3/ [索取号:Q93-33/60] 在馆    
16 0658490   206584908   库房3/ [索取号:Q93-33/60] 在馆    
17 0658491   206584917   库房3/ [索取号:Q93-33/60] 在馆    
18 0658492   206584926   库房3/ [索取号:Q93-33/60] 在馆    
19 0658493   206584935   库房3/ [索取号:Q93-33/60] 在馆    
20 0658494   206584944   库房3/ [索取号:Q93-33/60] 在馆    
21 0658495   206584953   库房3/ [索取号:Q93-33/60] 在馆    
22 0658496   206584962   库房3/ [索取号:Q93-33/60] 在馆    
23 0658497   206584971   库房3/ [索取号:Q93-33/60] 在馆    
24 0658498   206584980   库房3/ [索取号:Q93-33/60] 在馆    
25 0658499   206584999   库房3/ [索取号:Q93-33/60] 在馆    
26 0658500   206585006   库房3/ [索取号:Q93-33/60] 在馆    
27 0658501   206585015   库房3/ [索取号:Q93-33/60] 在馆    
28 0658502   206585024   库房3/ [索取号:Q93-33/60] 在馆    
29 0658503   206585033   库房3/ [索取号:Q93-33/60] 在馆    
30 0658504   206585042   库房3/ [索取号:Q93-33/60] 在馆    
31 0658505   206585051   库房3/ [索取号:Q93-33/60] 在馆    
32 0658506   206585060   库房3/ [索取号:Q93-33/60] 在馆    
33 0658507   206585079   库房3/ [索取号:Q93-33/60] 在馆    
34 0658508   206585088   库房3/ [索取号:Q93-33/60] 在馆    
35 0658509   206585097   库房3/ [索取号:Q93-33/60] 在馆    
36 0658510   206585104   库房3/ [索取号:Q93-33/60] 在馆    
37 0658511   206585113   库房3/ [索取号:Q93-33/60] 在馆    
38 0658512   206585122   库房3/ [索取号:Q93-33/60] 在馆    
39 0658513   206585131   库房3/ [索取号:Q93-33/60] 在馆    
40 0764570   207645707   密集书库/ [索取号:Q93-33/60] 在馆    
唐山师范学院图书馆 欢迎您!
大连网信软件有限公司© 版权所有